| 000 | 00631nam a2200229 a 4500 | ||
|---|---|---|---|
| 001 | 14219 | ||
| 003 | BD-JhCC | ||
| 005 | 20250213093429.0 | ||
| 008 | 250209b2018 E a|||| ||a| 000 0 eng d | ||
| 020 | _a9780996487191 | ||
| 035 | _a(BD-JhCC)14219 | ||
| 040 |
_aBD-JhCC _dBD-JhCC |
||
| 041 | _aenglish | ||
| 082 |
_a158.1 _bSPA 2018 |
||
| 100 | _aSparacino, Bianca | ||
| 245 |
_aThe Strength in Our Scars / _c Bianca Sparacino . |
||
| 260 |
_aLondon: _bThought Catalog book; _c2018. |
||
| 300 |
_a158 p . _c21 cm. |
||
| 650 |
_aSelf-help, _vand self-improvement. _ypersonal development, |
||
| 942 |
_2ddc _cBK |
||
| 999 |
_c14219 _d14219 |
||